Aula taller en derecho /
Guardado en:
| Autor Principal: | |
|---|---|
| Formato: | Libro |
| Publicado: |
Buenos Aires :
Gram
|
| Materias: | |
| Etiquetas: |
Agregar Etiqueta
Sin Etiquetas, Sea el primero en etiquetar este registro!
|
| LEADER | 00818nam a22001815a 4500 | ||
|---|---|---|---|
| 001 | CEM.cems010981 | ||
| 005 | 20071219161936.0 | ||
| 008 | 130507b######################000#0#####d | ||
| 003 | CEMS | ||
| 020 | |a 9505304048 | ||
| 082 | 0 | 4 | |a 340 |
| 100 | 1 | |a Naidenoff, Sofía | |
| 245 | 1 | 0 | |a Aula taller en derecho / |c Sofía Naidenoff |
| 260 | |a Buenos Aires : |b Gram | ||
| 300 | |a 239 p. | ||
| 505 | 0 | |a El derecho comercial. Su historia -- El acto de comercio -- Los comerciantes y sus obligaciones -- Las obligaciones, los contratos comerciales y la compra y venta mercantil -- Las sociedades comerciales -- La garantía, los depósitos y la cuenta corriente -- Los títulos de crédito -- El transporte en general -- Los recursos comerciales. La quiebra | |
| 653 | |a Derecho | ||
| 859 | |a CEMS |b BIB. CEMS - 11 de abril |h 340 |i N143 |p 21779.02 |t Ej.1 | ||
